Štatistické metódy riadenia výrobného procesu vo vybranej organizácii
Uložené v:
| Hlavný autor: | |
|---|---|
| Ďalší autori: | |
| Médium: | Rukopis Kniha |
| Jazyk: | Slovak |
| Vydavateľské údaje: |
2016
|
| Predmet: | |
| On-line prístup: | http://is.stuba.sk/zp/portal_zp.pl?podrobnosti=108775 |
| Tagy: |
Žiadne tagy, Buďte prvý, kto otaguje tento záznam!
|
MARC
| LEADER | 00000ntm a22000003a 4500 | ||
|---|---|---|---|
| 001 | stuzp57873 | ||
| 003 | SK-STU | ||
| 005 | 20160719155405.2 | ||
| 007 | ta | ||
| 008 | 150427s2015----xo-----f-mn---000-0-slo-d | ||
| 040 | |a STU |b slo | ||
| 041 | 0 | |a slo | |
| 100 | 1 | |a Víglaský, Matúš |u 020020 |4 aut |U SjF Strojnícka fakulta |T SjF Ústav automatizácie, merania a aplikovanej informatiky |X 63328 |U J0020 |Y 802 |7 63328 | |
| 242 | 0 | 1 | |a Statistical Methods of Managing the Production Process in a Selected Organisation |y eng |
| 245 | 1 | 0 | |a Štatistické metódy riadenia výrobného procesu vo vybranej organizácii |
| 260 | |c 2016 | ||
| 650 | 4 | |a proces |2 slo | |
| 650 | 4 | |a kvalita |2 slo | |
| 650 | 4 | |a regulačný diagram |2 slo | |
| 650 | 4 | |a spôsobilosť |2 slo | |
| 650 | 4 | |a regulatory diagram |2 eng | |
| 650 | 4 | |a quality |2 eng | |
| 650 | 4 | |a capacity |2 eng | |
| 650 | 4 | |a process |2 eng | |
| 700 | 1 | |a Jenčuráková, Dana |u 020020 |k Z3 |4 ths |U SjF Strojnícka fakulta |T SjF Ústav automatizácie, merania a aplikovanej informatiky |X 65265 |U J0020 |Y 802 |7 A000065265 | |
| 856 | 4 | |u http://is.stuba.sk/zp/portal_zp.pl?podrobnosti=108775 | |
| 996 | |b 284J044042 |c J* 2342/BP |l JJSK |s A |a 24 |w stuzp57873_0001 | ||
| SQL | |a stuzp57873 |b DBP |c SLO |d Štatistické metódy riadenia výrobného procesu vo vybranej organizácii |e 63328 |f Víglaský, Matúš |g 020020 |h 65265 |i Jenčuráková, Dana |j 20160614 |k 646 |l 02 |m http://is.stuba.sk/zp/portal_zp.pl?podrobnosti=108775 |n B-AISP |o 5.2.14. automatizácia | ||